00665 2200205 4500001002100000005001500021035002000036008004100056020002200097082001300119084001900132100001500151245013700166260003800303300002600341650002400367650002600391700003200417990001000449INLIS00000000001056720260416091019 a0010-0324000030260416 0  a978-623-5517-00-1 a297.2113 a297.2113 ABU r0 aAbul Khair1 aRelasi Tauhid & Politik :bMenyoal Demokrasi Agama Dan Demokrasi Budaya di Kabupaten Bone /cAbul Khair; penyunting, Andi Patimbangi aYogyakarta :bLintas Nalar,c2021 ax + 204 hlm. ;c23 cm 4aKoleksi Karya Lokal 4aBone -- Politik Islam0 aAndi Patimbangigpenyunting a17346